Economía cafetera crisis y perspectivas (Registro nro. 12651)
[ vista simple ]
| 000 -LEADER | |
|---|---|
| fixed length control field | 01335nam a2200265Ia 4500 |
| 003 - CONTROL NUMBER IDENTIFIER | |
| control field | OSt |
| 005 - DATE AND TIME OF LATEST TRANSACTION | |
| control field | 20211011093413.0 |
| 008 - FIXED-LENGTH DATA ELEMENTS--GENERAL INFORMATION | |
| fixed length control field | 210310s1993 ck ad gr 000 0 spa d |
| 020 ## - INTERNATIONAL STANDARD BOOK NUMBER | |
| International Standard Book Number | 9789589176177 |
| 020 ## - INTERNATIONAL STANDARD BOOK NUMBER | |
| International Standard Book Number | 9589176178 |
| 040 ## - CATALOGING SOURCE | |
| Original cataloging agency | CO-JMCR |
| Transcribing agency | CO-JMCR |
| 041 0# - LANGUAGE CODE | |
| Language code of text/sound track or separate title | spa |
| 082 04 - DEWEY DECIMAL CLASSIFICATION NUMBER | |
| Classification number | 338.4766393 / |
| Item number | F727e |
| Edition number | 23 |
| 111 2# - MAIN ENTRY--MEETING NAME | |
| Meeting name or jurisdiction name as entry element | Foro Economía Cafetera, Crisis y Perspectivas |
| Date of meeting or treaty signing | (1993 : |
| Location of meeting | Bogotá) |
| 9 (RLIN) | 41065 |
| 245 10 - TITLE STATEMENT | |
| Title | Economía cafetera crisis y perspectivas |
| Statement of responsibility, etc. | Foro Economía Cafetera: Crisis y Perspectivas (3 - 4 de marzo de 1993: Bogotá) ; Fondo Nacional de Proyectos de Desarrollo |
| 260 ## - PUBLICATION, DISTRIBUTION, ETC. | |
| Place of publication, distribution, etc. | Bogotá : |
| Name of publisher, distributor, etc. | Centro editorial Javeriano, |
| Date of publication, distribution, etc. | 1993. |
| 300 ## - PHYSICAL DESCRIPTION | |
| Extent | 369 páginas : |
| Other physical details | ilustraciones y gráficas en blanco y negro ; |
| Dimensions | 24 cm. |
| 504 ## - BIBLIOGRAPHY, ETC. NOTE | |
| Bibliography, etc. note | Bibliografía a pie de página. |
| 505 0# - FORMATTED CONTENTS NOTE | |
| Formatted contents note | Perspectivas del mercado internacional del café. -- Impuesto óptimo de precio interno. -- El Fondo nacional del café. -- Modelos de producción cafetera. -- La dimensión regional del crisis. -- La diversificación en zonas cafeteras. -- El futuro de la caficultura colombiana. |
| 650 14 - SUBJECT ADDED ENTRY--TOPICAL TERM | |
| Topical term or geographic name entry element | Economía cafetera |
| Form subdivision | Foro |
| 9 (RLIN) | 28835 |
| Geographic subdivision | Colombia |
| 650 24 - SUBJECT ADDED ENTRY--TOPICAL TERM | |
| Topical term or geographic name entry element | Caficultura |
| Geographic subdivision | Colombia |
| 9 (RLIN) | 41066 |
| 650 24 - SUBJECT ADDED ENTRY--TOPICAL TERM | |
| Topical term or geographic name entry element | Producción cafetera |
| Geographic subdivision | Colombia |
| 9 (RLIN) | 41031 |
| 710 1# - ADDED ENTRY--CORPORATE NAME | |
| Corporate name or jurisdiction name as entry element | Fondo Nacional de Proyectos de Desarrollo |
| Relator term | autor |
| 9 (RLIN) | 41067 |
| 942 ## - ADDED ENTRY ELEMENTS (KOHA) | |
| Source of classification or shelving scheme | Dewey Decimal Classification |
| Koha item type | Books |
| Withdrawn status | Lost status | Source of classification or shelving scheme | Damaged status | Not for loan | Home library | Current library | Shelving location | Date acquired | Source of acquisition | Full call number | Barcode | Date last seen | Copy number | Price effective from | Koha item type |
|---|---|---|---|---|---|---|---|---|---|---|---|---|---|---|---|
| Dewey Decimal Classification | Biblioteca Pública José María del Castillo y Rada | Biblioteca Pública José María del Castillo y Rada | General Stacks | 04/15/2018 | Donación | 338.4766393 / F727e | 430005342 | 05/16/2024 | Ej.1 | 03/10/2021 | Books |